<?xml version="1.0" encoding="UTF-8"?>
<record
    xmlns:xsi="http://www.w3.org/2001/XMLSchema-instance"
    xsi:schemaLocation="http://www.loc.gov/MARC21/slim http://www.loc.gov/standards/marcxml/schema/MARC21slim.xsd"
    xmlns="http://www.loc.gov/MARC21/slim">

  <leader>00808nam0a22002773i 4500</leader>
  <datafield tag="999" ind1=" " ind2=" ">
    <subfield code="c">357845</subfield>
    <subfield code="d">357845</subfield>
  </datafield>
  <controlfield tag="001">IT\ICCU\PBE\0068654</controlfield>
  <controlfield tag="003">IT-MiSPE</controlfield>
  <controlfield tag="005">20180507151853.0</controlfield>
  <controlfield tag="008">180507b           ||||| |||| 00| 0 eng d</controlfield>
  <datafield tag="010" ind1=" " ind2=" ">
    <subfield code="a">978-88-315-4603-4</subfield>
  </datafield>
  <datafield tag="020" ind1=" " ind2=" ">
    <subfield code="a">9788831546034</subfield>
  </datafield>
  <datafield tag="040" ind1=" " ind2=" ">
    <subfield code="a">IT-MiSPE</subfield>
    <subfield code="b">ita</subfield>
    <subfield code="c">IT-MiSPE</subfield>
  </datafield>
  <datafield tag="082" ind1=" " ind2=" ">
    <subfield code="a">271.709 2-SAR ba co (23136)</subfield>
  </datafield>
  <datafield tag="100" ind1=" " ind2=" ">
    <subfield code="a">Sartori, Barbara,</subfield>
    <subfield code="c">giornalista</subfield>
    <subfield code="9">57060</subfield>
  </datafield>
  <datafield tag="245" ind1=" " ind2=" ">
    <subfield code="a">San Colombano :</subfield>
    <subfield code="b">Pellegrino per Cristo sulle strade d'Europa</subfield>
  </datafield>
  <datafield tag="260" ind1=" " ind2=" ">
    <subfield code="a">Milano :</subfield>
    <subfield code="b">Paoline, </subfield>
    <subfield code="c">2015</subfield>
  </datafield>
  <datafield tag="300" ind1=" " ind2=" ">
    <subfield code="a">157 p. ;</subfield>
    <subfield code="b">20 cm</subfield>
  </datafield>
  <datafield tag="490" ind1=" " ind2=" ">
    <subfield code="a">Radar</subfield>
    <subfield code="v">38</subfield>
  </datafield>
  <datafield tag="504" ind1=" " ind2=" ">
    <subfield code="a">Bibliografia (p. 151-152) e luoghi principali di culto</subfield>
  </datafield>
  <datafield tag="655" ind1=" " ind2=" ">
    <subfield code="a">Agiografia - Biografie</subfield>
    <subfield code="x">Evangelizzazione</subfield>
    <subfield code="9">57061</subfield>
  </datafield>
  <datafield tag="899" ind1=" " ind2=" ">
    <subfield code="f">P/G</subfield>
  </datafield>
  <datafield tag="899" ind1=" " ind2=" ">
    <subfield code="f">P/G</subfield>
  </datafield>
  <datafield tag="899" ind1=" " ind2=" ">
    <subfield code="f">P/G</subfield>
  </datafield>
  <datafield tag="899" ind1=" " ind2=" ">
    <subfield code="f">P</subfield>
  </datafield>
  <datafield tag="942" ind1=" " ind2=" ">
    <subfield code="2">ddc</subfield>
    <subfield code="c">BK</subfield>
  </datafield>
  <datafield tag="952" ind1=" " ind2=" ">
    <subfield code="0">0</subfield>
    <subfield code="1">0</subfield>
    <subfield code="2">ddc</subfield>
    <subfield code="4">0</subfield>
    <subfield code="6">271_709000000000000_2SAR_BA_CO_23136</subfield>
    <subfield code="7">1</subfield>
    <subfield code="a">CINISELLO</subfield>
    <subfield code="b">CINISELLO</subfield>
    <subfield code="d">2018-05-07</subfield>
    <subfield code="l">0</subfield>
    <subfield code="o">271.709 2-SAR ba co (23136)</subfield>
    <subfield code="p">9788831546034</subfield>
    <subfield code="r">2018-05-07 00:00:00</subfield>
    <subfield code="w">2018-05-07</subfield>
    <subfield code="y">BK</subfield>
  </datafield>
</record>
